<?xml version="1.0" encoding="UTF-8"?><?xml-stylesheet type="text/xsl" href="static/style.xsl"?><OAI-PMH xmlns="http://www.openarchives.org/OAI/2.0/" xmlns:xsi="http://www.w3.org/2001/XMLSchema-instance" xsi:schemaLocation="http://www.openarchives.org/OAI/2.0/ http://www.openarchives.org/OAI/2.0/OAI-PMH.xsd"><responseDate>2026-06-03T05:27:04Z</responseDate><request verb="GetRecord" identifier="oai:riuma.uma.es:10630/12479" metadataPrefix="marc">https://riuma.uma.es/rest/oai/request</request><GetRecord><record><header><identifier>oai:riuma.uma.es:10630/12479</identifier><datestamp>2026-02-03T12:48:23Z</datestamp><setSpec>com_10630_4046</setSpec><setSpec>com_10630_10</setSpec><setSpec>col_10630_12450</setSpec></header><metadata><record xmlns="http://www.loc.gov/MARC21/slim" xmlns:dcterms="http://purl.org/dc/terms/" xmlns:doc="http://www.lyncode.com/xoai" xmlns:xsi="http://www.w3.org/2001/XMLSchema-instance" xsi:schemaLocation="http://www.loc.gov/MARC21/slim http://www.loc.gov/standards/marcxml/schema/MARC21slim.xsd">
   <leader>00925njm 22002777a 4500</leader>
   <datafield ind2=" " ind1=" " tag="042">
      <subfield code="a">dc</subfield>
   </datafield>
   <datafield ind2=" " ind1=" " tag="720">
      <subfield code="a">De-Vicente-Domínguez, Aida María</subfield>
      <subfield code="e">author</subfield>
   </datafield>
   <datafield ind2=" " ind1=" " tag="260">
      <subfield code="c">2016-11-29</subfield>
   </datafield>
   <datafield ind2=" " ind1=" " tag="520">
      <subfield code="a">La comunicación pretende mostrar ejemplos de piezas informativas que se han creado a partir de una ingente cantidad de datos. En concreto, se dan a conocer las muestras elaboradas por el Laboratorio de Innovación Audiovisual de RTVE. Tras definir que es el Periodismo de datos se explican las diversas piezas informativas que conforman esta sección en el Lab de RTVE. De cada pieza se expone: temática, procedencia de los datos y cómo los han extraído, analizado, procesado, interpretado y presentado de forma comprensible para el lector. El análisis muestra diversos modelos de producción y edición de esta especialización periodística que se considera de interés para profesionales de los mass media y para docentes que impartan este modelo comunicacional.</subfield>
   </datafield>
   <datafield ind1="8" ind2=" " tag="024">
      <subfield code="a">978-84-617-6853-0</subfield>
   </datafield>
   <datafield ind1="8" ind2=" " tag="024">
      <subfield code="a">http://hdl.handle.net/10630/12479</subfield>
   </datafield>
   <datafield tag="653" ind2=" " ind1=" ">
      <subfield code="a">Periodismo</subfield>
   </datafield>
   <datafield ind2="0" ind1="0" tag="245">
      <subfield code="a">Periodismo de datos: diseños de la  pieza informativa.</subfield>
   </datafield>
</record>
</metadata></record></GetRecord></OAI-PMH>